<?xml version="1.0" encoding="UTF-8"?>
<collection xmlns="http://www.loc.gov/MARC21/slim">
<record>
  <controlfield tag="001">349354</controlfield>
  <controlfield tag="005">20240928182703.0</controlfield>
  <datafield tag="035" ind1=" " ind2=" ">
    <subfield code="a">G:(GEPRIS)537092686</subfield>
  </datafield>
  <datafield tag="024" ind1="7" ind2=" ">
    <subfield code="a">G:(GEPRIS)537092686</subfield>
    <subfield code="d">537092686</subfield>
  </datafield>
  <datafield tag="040" ind1=" " ind2=" ">
    <subfield code="a">GEPRIS</subfield>
    <subfield code="c">http://gepris.its.kfa-juelich.de</subfield>
  </datafield>
  <datafield tag="150" ind1=" " ind2=" ">
    <subfield code="a">Von Studenten entwickelte Wissenschaftskommunikation der Molekularen Evolution (Ö)</subfield>
    <subfield code="y">2024 -</subfield>
  </datafield>
  <datafield tag="371" ind1=" " ind2=" ">
    <subfield code="a">Professor Dr. Wolfgang M. Heckl</subfield>
  </datafield>
  <datafield tag="450" ind1=" " ind2=" ">
    <subfield code="a">DFG project G:(GEPRIS)537092686</subfield>
    <subfield code="w">d</subfield>
    <subfield code="y">2024 -</subfield>
  </datafield>
  <datafield tag="510" ind1="1" ind2=" ">
    <subfield code="a">Deutsche Forschungsgemeinschaft</subfield>
    <subfield code="0">I:(DE-588b)2007744-0</subfield>
    <subfield code="b">DFG</subfield>
  </datafield>
  <datafield tag="550" ind1=" " ind2=" ">
    <subfield code="0">G:(GEPRIS)521256690</subfield>
    <subfield code="a">TRR 392: Molekulare Evolution in präbiotischen Umgebungen</subfield>
    <subfield code="w">t</subfield>
  </datafield>
  <datafield tag="680" ind1=" " ind2=" ">
    <subfield code="a"></subfield>
  </datafield>
  <datafield tag="909" ind1="C" ind2="O">
    <subfield code="o">oai:juser.fz-juelich.de:1022943</subfield>
    <subfield code="p">authority:GRANT</subfield>
    <subfield code="p">authority</subfield>
  </datafield>
  <datafield tag="980" ind1=" " ind2=" ">
    <subfield code="a">G</subfield>
  </datafield>
  <datafield tag="980" ind1=" " ind2=" ">
    <subfield code="a">AUTHORITY</subfield>
  </datafield>
  <datafield tag="909" ind1="C" ind2="O">
    <subfield code="o">oai:juser.fz-juelich.de:1022943</subfield>
  </datafield>
</record>
</collection>